| 000 | 00419nam a2200169Ia 4500 | ||
|---|---|---|---|
| 003 | GCL | ||
| 008 | 140319s9999 xx 000 0 eng d | ||
| 040 |
_aGCL / _cGCL |
||
| 082 | 0 | 4 |
_a808.8 _bJ P |
| 100 | 1 | _aJENCKS, CHARLS | |
| 245 | 1 | 0 |
_aTHE POST - MODERN READER / _cJENCKS, CHARLS |
| 260 |
_a[S.N] : _bST. MARTINS PRESS ، _c1992 |
||
| 650 | 0 | 4 | _aLITERATURE |
| 650 | 0 | 4 | _aART |
| 650 | 0 | 4 | _aCULTURE |
| 942 |
_2ddc _cBK |
||
| 999 |
_c10926 _d10926 |
||